Statistics for Országok a magasból

Click here to take the quiz!

General Stats

  • This quiz has been taken 126 times
  • The average score is 9 of 15

Answer Stats

Answer% Correct
Olaszország
99%
Ausztrália
95%
Izland
89%
Egyesült Királyság
89%
Franciaország
86%
Kína
81%
Portugália
74%
Brazília
66%
Panama
62%
Tunézia
39%
Malajzia
35%
Egyesült Arab Emírségek
23%
Tanzánia
19%
Fidzsi
19%
Bahama-szigetek
18%

Score Distribution

Percentile by Number Answered

Percent of People with Each Score

Your Score History

You have not taken this quiz